Fundamentals of Digital Electronics and Microprocessors / (Record no. 1188)
[ view plain ]
| 000 -LEADER | |
|---|---|
| Fixed length control field | 00535nam a2200181 4500 |
| 003 - CONTROL NUMBER IDENTIFIER | |
| Control field | SEACOMMC |
| 005 - DATE AND TIME OF LATEST TRANSACTION | |
| Control field | 20250513155226.0 |
| 008 - FIXED-LENGTH DATA ELEMENTS--GENERAL INFORMATION | |
| Fixed length control field | 250409b |||||||| |||| 00| 0 eng d |
| 020 ## - INTERNATIONAL STANDARD BOOK NUMBER / ISBN | |
| International Standard Book Number | 81-219-2215-1 |
| Price | Rs.325.00 |
| 040 ## - CATALOGING SOURCE | |
| Original cataloging agency | SEACOMMC |
| 082 ## - DEWEY DECIMAL CLASSIFICATION NUMBER | |
| Classification number | 621.3815 |
| Book Number | S 617 |
| 100 ## - MAIN ENTRY--PERSONAL NAME | |
| Personal name | Singh, Anokh |
| 245 1# - TITLE STATEMENT | |
| Title | Fundamentals of Digital Electronics and Microprocessors / |
| Statement of responsibility | Anokh Singh [and] A.K. Chhabra |
| 250 ## - EDITION STATEMENT | |
| Edition statement | 3rd rev.&enlarged ed. |
| 260 ## - IMPRINT | |
| Place of publication | New Delhi |
| Name of publisher | S. Chand Publishers |
| Date of publication | 2009 |
| 650 ## - SUBJECT ADDED ENTRY--TOPICAL TERM | |
| Topical term | Electronics |
| 942 ## - ADDED ENTRY ELEMENTS (KOHA) | |
| Koha item type | Books |
| Withdrawn status | Lost status | Source of classification | Damaged status | Not for loan | Home library | Current library | Shelving location | Date acquired | Total Checkouts | Call number | Accession number | Date last seen | Price effective from | Koha item type | Copy number |
|---|---|---|---|---|---|---|---|---|---|---|---|---|---|---|---|
| Dewey Decimal Classification | SEACOM MANAGEMENT COLLEGE | SEACOM MANAGEMENT COLLEGE | Reference | 01/11/2010 | 621.3815 S 617 | M-2941 | 09/04/2025 | 09/04/2025 | Reference Books | ||||||
| Dewey Decimal Classification | SEACOM MANAGEMENT COLLEGE | SEACOM MANAGEMENT COLLEGE | 01/11/2010 | 621.3815 S 617 | M-2942 | 09/04/2025 | 09/04/2025 | Books | 1 | ||||||
| Dewey Decimal Classification | SEACOM MANAGEMENT COLLEGE | SEACOM MANAGEMENT COLLEGE | 01/11/2010 | 621.3815 S 617 | M-2943 | 09/04/2025 | 09/04/2025 | Books | 2 | ||||||
| Dewey Decimal Classification | SEACOM MANAGEMENT COLLEGE | SEACOM MANAGEMENT COLLEGE | 01/11/2010 | 621.3815 S 617 | M-2944 | 09/04/2025 | 09/04/2025 | Books | 3 | ||||||
| Dewey Decimal Classification | SEACOM MANAGEMENT COLLEGE | SEACOM MANAGEMENT COLLEGE | 01/11/2010 | 621.3815 S 617 | M-2945 | 09/04/2025 | 09/04/2025 | Books | 4 | ||||||
| Dewey Decimal Classification | SEACOM MANAGEMENT COLLEGE | SEACOM MANAGEMENT COLLEGE | 01/11/2010 | 621.3815 S 617 | M-2946 | 09/04/2025 | 09/04/2025 | Books | 5 |
